000 00789nam a2200241 i 4500
001 C2-0233071
003 PPAK
005 20180728090231.0
008 010328s my a|||| ||||| | eng d
040 _aPPAK
_beng
_cPPAK
_erda
082 0 4 _a746.409595
_223
090 0 0 _a746.409595
_bMAL
_dKK
110 2 _aMalaysian Handicraft Development Corporation
245 0 0 _aMalaysian fibre
264 1 _aRawang, Selangor :
_bMalaysian Handicraft Development Corporation ,
_c[date of publication not identified]
300 _a26 pages :
_billustrations ;
_c30 cm
336 _2rdacontent
_atext
337 _2rdamedia
_aunmediated
338 _2rdacarrier
_avolume
650 1 0 _aFiberwork - Malaysia
710 2 _aMalaysian Handicraft Development Corporation
_eorganizer
942 _ddc
_cB
999 _c152100
_d152100